Country Flags With Three Equal Horizontal Stripes - Statistics

General Stats
  • This quiz has been taken 2,259 times
    2,249 since last reset
  • The average score is 21 of 43
Answer Stats
Answer % Correct
Russia
94%
Germany
80%
Netherlands
79%
Lithuania
76%
Estonia
74%
Bulgaria
71%
Hungary
70%
Austria
66%
Slovenia
66%
Slovakia
65%
Luxembourg
64%
Serbia
63%
Argentina
59%
Bolivia
59%
Venezuela
57%
Yemen
55%
Iraq
54%
Paraguay
54%
Armenia
53%
Croatia
52%
Iran
52%
Syria
51%
Egypt
49%
Honduras
46%
India
46%
El Salvador
44%
Nicaragua
44%
Jordan
43%
Oman
42%
United Arab Emirates
41%
Kuwait
39%
Azerbaijan
38%
Sudan
38%
Ghana
34%
Niger
34%
Gabon
30%
Sierra Leone
28%
Ethiopia
25%
Myanmar
25%
Uzbekistan
25%
Bahamas
21%
Malawi
15%
Equatorial Guinea
13%
No matching quizzes found
Score Distribution
Percent of People with Each Score
Percentile by Number Answered
Your Score History
You have not taken this quiz since the last reset